00621nam a22001937a 450000500170000001000310001702000250004803500310007303700210010403700160012508200060014110000250014724500720017226000360024427000610028030000340034149000360037570000160041120091217101814.0 aB-388917-942 B-447203-207 a9780143331100c99.00 aB-388917-942 B-447203-207 bBlueberry Books  bK.K.Pub/Ven aS aSen Gupta, Subhadra  aBeware in the graveyard /cby Subhadra Sen Gupta; art by Tapas Guha aNew Delhi bPuffin Books c2009 a11 Community Centre, Panchsheel Park bNew Delh e110017 a40p. :bcol. ill. c28cm(pbk) aSatyajit Ray's Feluda mysteries aGuhu, Tapas